MARC

LEADER 00000nam0a2200000 4500
001 364012
005 20231102011639.0
035 |a (RuTPU)RU\TPU\retro\21370 
090 |a 364012 
100 |a 20211025d1980 m y0rusy50 ca 
101 0 |a rus 
102 |a RU 
105 |a a j 001zy 
200 1 |a Расчет, конструирование и технология производства элементов интегральной оптики  |e [учебное пособие]  |f Ю. А. Покровский, Е. А. Макарецкий  |g Тульский политехнический институт 
210 |a Тула  |c Изд-во Тульского политехнического ин-та  |d 1980 
215 |a 73 с.  |c ил. 
320 |a Библиогр.: с. 68-69 
606 1 |a Интегральная оптика  |x (электроника)  |2 stltpush  |3 (RuTPU)RU\TPU\subj\69852  |9 84527 
610 1 |a плоские световоды 
610 1 |a резонансные возбудители 
610 1 |a функциональные соотношения 
610 1 |a математические модели 
610 1 |a обобщенные параметры 
610 1 |a оптимизация 
610 1 |a критичность 
610 1 |a машинный анализ 
610 1 |a учебные пособия 
675 |a 621.383.049  |v 4 
700 1 |a Покровский  |b Ю. А.  |g Юрий Александрович 
701 1 |a Макарецкий  |b Е. А.  |g Евгений Александрович 
712 0 2 |a Тульский политехнический институт  |c (1963-1992)  |2 stltpush  |3 (RuTPU)RU\TPU\col\284  |9 23322 
801 1 |a RU  |b 63413507  |c 20211025 
942 |c BK